000 01761nam a2200325 a 4500
001 ebr10551936
003 CaPaEBR
006 m u
007 cr cn|||||||||
008 110629s2011 nyu sb 001 0 eng d
010 _z 2011026929
020 _z9781433105210 (pbk. alk. paper)
020 _z9781453907795 (e-book)
040 _aCaPaEBR
_cCaPaEBR
035 _a(OCoLC)794489880
050 1 4 _aBX1378
_b.C64 2011.eb
082 0 4 _a261.7092
_223
100 1 _aCoppa, Frank J.
245 1 4 _aThe policies and politics of Pope Pius XII
_h[electronic resource] :
_bbetween diplomacy and morality /
_cFrank J. Coppa.
260 _aNew York :
_bP. Lang,
_cc2011.
300 _aviii, 205 p.
504 _aIncludes bibliographical references (p. 179-197) and index.
505 0 _aThe Pius war -- The pursuit of a diplomatic career -- Eugenio Pacelli: Nuncio to Bavaria and Berlin -- The emergence of "impartiality" and "silence" -- Concordats and confrontations with the fascist regimes -- Collaboration and conflict between Pius XI and Cardinal Pacelli -- Pius XII: "apostle of peace" or "advocate of appeasement"? -- The "silence" between history and polemic -- Pius XII confronts the Cold War and the modern world -- The controversy continues.
533 _aElectronic reproduction.
_bPalo Alto, Calif. :
_cebrary,
_d2011.
_nAvailable via World Wide Web.
_nAccess may be limited to ebrary affiliated libraries.
600 0 0 _aPius
_bXII,
_cPope,
_d1876-1958.
650 0 _aChristianity and politics
_xCatholic Church
_xHistory
_y20th century.
655 7 _aElectronic books.
_2local
710 2 _aebrary, Inc.
856 4 0 _uhttp://site.ebrary.com/lib/rucke/Doc?id=10551936
_zAn electronic book accessible through the World Wide Web; click to view
999 _c198312
_d198312